• 首页
  • 本馆介绍
  • 公告通知
  • 最新文献
  • 馆藏检索
  • 电子资源
  • 读者导购
  • 参考咨询
  • 我的图书馆
  • 登录
  • 详细信息显示
  • 放入我的书架
  • 预约/预借图书
  • 作者相关作品
  • 分类相关作品
  • 丛书相关作品
  • 出版社相关作品

书目信息

  • 表格格式
  • 工作单格式
  • 卡片格式
题名:
《儒林外史》研究
    
 
作者: 李汉秋 著
分册:  
出版信息: 上海   华东师范大学出版社  2001.09
页数: 324页
开本: 21cm
丛书名: 《文学遗产》丛书
单 册:
中图分类: I207.419
科图分类:
主题词: 文学--中国
电子资源:
ISBN: 7-5617-2481-0
000 00657nam0 2200229 45
001 0203250866
005 20031219104053.8
010    @a7-5617-2481-0@dCNY16.00
100    @a20020325d2001 km y0chiy0120 ea
101 0  @achi
105    @aa z 000yy
200 1  @a《儒林外史》研究@A《Ru Lin Wai Shi》Yan Jiu@f李汉秋著@FLi Han Qiu Zhu
210    @a上海@c华东师范大学出版社@d2001.09
215    @a324页@c彩照@d21cm
225    @a《文学遗产》丛书
410    @12001 @a《文学遗产》丛书
605    @a儒林外史@x研究
606 0  @a文学@x中国
690    @aI207.419@v4
701  0 @a李汉秋@4著
801    @aCN@bTSTC@c20020325
905    @b306919-923@dI207.419@e345@f5
    
    《儒林外史》研究/李汉秋著.-上海:华东师范大学出版社,2001.09
    324页:彩照;21cm.-(《文学遗产》丛书)
    
    
    ISBN 7-5617-2481-0:CNY16.00
    
●
相关链接 在E读中查询图书 在五车中查询图书 在当当中查询图书 在豆瓣中查询图书


正题名:《儒林外史》研究     索取号:I207.419/345         预约/预借

序号 登录号 条形码 馆藏地/架位号 状态 备注
1 0306919   203069197   第二借阅区/ [索取号:I207.419/345] 在馆    
2 0306920   203069204   第二借阅区/ [索取号:I207.419/345] 在馆    
3 0306921   203069213   第二借阅区/ [索取号:I207.419/345] 在馆    
4 0306922   203069222   第二借阅区/ [索取号:I207.419/345] 在馆    
5 0306923   203069231   第一样本阅览室/ [索取号:I207.419/345] 在馆    
唐山师范学院图书馆 欢迎您!
大连网信软件有限公司© 版权所有